|
|
|
|
| LEADER |
00000ny a22000003n 4500 |
| 005 |
2011062104194.0 |
| 008 |
091211s2002 sp 000 0 eng d |
| 020 |
|
|
|a 9788481556971
|
| 035 |
|
|
|a 335
|
| 040 |
|
|
|a BUS
|d vLex
|
| 080 |
|
|
|a 327
|
| 080 |
|
|
|a 341.123
|
| 080 |
|
|
|a 341.238
|
| 080 |
|
|
|a 341.244
|
| 090 |
|
|
|c 900
|d 900
|
| 100 |
1 |
|
|a Vacas Fernǹdez, Fľix
|
| 245 |
1 |
3 |
|a La responsabilidad internacional de Naciones Unidas
|h [Recurso electrn̤ico]
|b fundamento y principales problemas de su puesta en prc̀tica /
|c Fľix Vacas Fernǹdez
|
| 256 |
|
|
|a Servicio en ln̕ea
|
| 260 |
|
|
|a Madrid :
|b Dykinson,
|c 2002
|
| 300 |
|
|
|a 167 p. ;
|c 21 cm
|
| 500 |
|
|
|a En port.: Instituto de Derechos Humanos Bartolom ̌de las Casas, Universidad Carlos III de Madrid
|
| 504 |
|
|
|a Documentacin̤, jurisprudencia y bibliogr.: p. [157]-167
|
| 506 |
1 |
|
|a Contenido solo disponible en los productos indicados
|d vLex Global
|d vLex Global (Academic Edition, excluding Law Schools)
|d vLex Global (U.S. Academic Edition, Law Schools)
|d vLex Global (U.S. Academic Edition, excluding Law Schools)
|d vLex Global (Academic Edition, Law Schools)
|
| 610 |
2 |
4 |
|a Naciones Unidas
|
| 650 |
0 |
7 |
|a Derecho internacional
|2 Tesauro vLex
|
| 650 |
0 |
7 |
|a Civil
|2 Tesauro vLex
|
| 740 |
0 |
|
|a vLex Libros (Servicios en ln̕ea)
|
| 856 |
4 |
0 |
|u http://vlex.com/source/335
|z Acceso restringido
|
| 942 |
|
|
|c BOOK
|
| 999 |
0 |
|
|a International Law
|b Madrid
|